00706 2200253 4500001002100000005001700021008004100038020001800079035002400097082001000121090001700131100002700148245007500175250001100250260003600261300002500297500003100322500001100353650003700364850001500401980001500416985000600431999001500437YOGYA-0209000001177120090227022147.0 ind  a979-450-263-4 0010-020900000011771 a371.2 a371.2bInd M aINDRAFAKHRUDI, Sukarto aMengantar bagaimana memimpin sekolah yang baikcSoekarto indrafachrudi aCet. 2 aJakartabGhalia Indonesiac1994 a238 hlmbilusc21 cm aBibliografi : hlm. 129-132 aIndeks aManajemen dan organisasi sekolah aYOPDYOG(B) a17-10-2005 a1 a95P0063114